000 00427nam a22001571a 4500
003 NEGST
005 20151210020002.0
008 040608s 001 0 eng d
100 1 _aNorthrop, Henry Davenport.
245 1 0 _aFamous women of the Bible /
_cHenry Devenport Northrop.
260 _a[S.l.] :
_b[s.n.],
_c?1898.
590 _aAccession number: 30095
650 0 _aWomen in the Bible.
942 0 0 _03
999 _c16157
_d16157